00465nam a2200157Ia 4500003000900000008004100009040001600050080002100066245005600087260006100143300001000204650004100214650001400255650001200269700002600281IN-BaIIA211028s9999 xx 000 0 eng d cIIA Library a(035)634.4bICAR 4aThe Mango : A Handbookcedited by Muhammad Siddiq  aNew DelhibIndian Council of Agricultural Researchc1967 a210p. aAstronomy and Astrophysics Thesaurus aGardening aMangoes aSiddiq, Muhammad, ed.